01138nam a2200193Ia 4500001001100000003001000011008004100021040002500062041001300087100001800100245004500118250001100163260006700174300002800241500026000269501011400529520026000643650004100903L912-40786IT-CnALBA170116s9999||||xx |||||||||||||| ||und|| aIT-CnALBAcIT-CnALBA aITALIANO aCOLLODI CARLO 0aIL VIAGGIO PER L'ITALIA DI GIANNETTINO.  a2a ed. a FIRENZEbBEMPORAD R. E FIGLIO, EDITORI c1891 [1° Ed.: n.d.] a300 p. (prefazione: 12) aROMA NAPOLI DINTORNI DI ROMA. VELLETRI CAPUD. S. MARIA CAPOVETERE. TOLEDO. MUSEO NAZIONALE. VESUVIO. CHIESE DUOMO. S. GENNARO. DINTORNI DI NAPOLI. SORRENTO. AMALFI FOGGIA. OTRANTO REGGIO SICILIA. PALERMO BAGHERIA. TRAPANI GIRGENTI. MESSINA LIPARI. CATANIA aSocietà San Paolo EM - Piazza San Paolo, 14 - 12051 ALBA (CN) (non commercial uses only) ® Copyright 2017 aROMA NAPOLI DINTORNI DI ROMA. VELLETRI CAPUD. S. MARIA CAPOVETERE. TOLEDO. MUSEO NAZIONALE. VESUVIO. CHIESE DUOMO. S. GENNARO. DINTORNI DI NAPOLI. SORRENTO. AMALFI FOGGIA. OTRANTO REGGIO SICILIA. PALERMO BAGHERIA. TRAPANI GIRGENTI. MESSINA LIPARI. CATANIA aCARTE GEOGR.- ESPLORAZIONI E TURISMO